Contemporary theatre of India : (Record no. 138424)

MARC details
000 -LEADER
fixed length control field 00641nam a22001937a 4500
005 - DATE AND TIME OF LATEST TRANSACTION
control field 20170322161659.0
010 ## - LCCN (DPL NO)
LC control number ENG-117569
020 ## - INTERNATIONAL STANDARD BOOK NUMBER
International Standard Book Number 9788123764917
Terms of availability 540.00
035 ## - SYSTEM CONTROL NUMBER
System control number EN-101101
037 ## - SOURCE OF ACQUISITION
Source of stock number/acquisition DBAD/PUB
082 ## - DEWEY DECIMAL CLASSIFICATION NUMBER
Classification number 792.0954
100 ## - MAIN ENTRY--PERSONAL NAME
Personal name Ahuja,Chaman
245 ## - TITLE STATEMENT
Title Contemporary theatre of India :
Statement of responsibility, etc by Chaman Ahuja
Remainder of title an overview /
260 ## - PUBLICATION, DISTRIBUTION, ETC. (IMPRINT)
Place of publication, distribution, etc New Delhi
Name of publisher, distributor, etc National Book Trust
Date of publication, distribution, etc 2012
270 ## - ADDRESS
Address Nehru Bhawan,5 Industrial Area Phase-II Vasant Kunj
City New Delhi
Postal code 110070
300 ## - PHYSICAL DESCRIPTION
Extent xii,350p. :
Dimensions 27cm(pbk)
Other physical details ill
500 ## - GENERAL NOTE
General note Includes bibliographical references and index
942 ## - ADDED ENTRY ELEMENTS (KOHA)
Source of classification or shelving scheme Dewey Decimal Classification
Item type English Books
Classification part 792.954
Call number suffix AHU
Holdings
Withdrawn status Lost status Not for loan Collection code Home library Current library Date acquired Source of acquisition Cost, normal purchase price Full call number Barcode Copy number Cost, replacement price Koha item type
      Non-fiction Kadipur Kadipur 22/03/2017 DBAD/PUB 540.00 792.954 AHU EN-101101 1 540.00 English Books

© Delhi Public Library
Hit Counter
free hit counter